[Event "English Schools Championship Final 2024"]
[Site "Nottingham University Kings Meadow Campus, United Kingdom"]
[Date "2024.06.28"]
[Round "4.15"]
[White "Li, Reya"]
[Black "Vyas, Alisha"]
[Result "0-1"]
[TimeControl "G50' + 10\" per move."]
[WhiteClock "00:02:08"]
[BlackClock "00:00:50"]
[ReferenceTime "B/2024-06-28T11:23:26.956+01:00"]
[WhiteFideId "486892"]
[BlackFideId "461318"]
[WhiteElo "1859"]
[BlackElo "1938"]

1. e4 {[%clk 00:50:13]} {[%emt 00:00:07]} c5 {[%clk 00:50:14]} {[%emt
00:00:07]} 2. Nf3 {[%clk 00:50:21]} {[%emt 00:00:02]} d6 {[%clk 00:50:22]}
{[%emt 00:00:03]} 3. d4 {[%clk 00:50:27]} {[%emt 00:00:04]} cxd4 {[%clk
00:50:27]} {[%emt 00:00:04]} 4. Nxd4 {[%clk 00:50:33]} {[%emt 00:00:04]} Nf6
{[%clk 00:50:27]} {[%emt 00:00:10]} 5. f3 {[%clk 00:50:38]} {[%emt 00:00:04]}
g6 {[%clk 00:50:31]} {[%emt 00:00:07]} 6. c4 {[%clk 00:50:45]} {[%emt
00:00:03]} Bg7 {[%clk 00:50:17]} {[%emt 00:00:24]} 7. Nc3 {[%clk 00:50:43]}
{[%emt 00:00:12]} Nc6 {[%clk 00:50:03]} {[%emt 00:00:24]} 8. Be3 {[%clk
00:50:43]} {[%emt 00:00:09]} Bd7 {[%clk 00:44:44]} {[%emt 00:05:30]} 9. Be2
{[%clk 00:50:18]} {[%emt 00:00:35]} O-O {[%clk 00:40:52]} {[%emt 00:04:02]} 10.
Qd2 {[%clk 00:49:43]} {[%emt 00:00:45]} Rc8 {[%clk 00:38:27]} {[%emt 00:02:35]}
11. Rc1 {[%clk 00:49:14]} {[%emt 00:00:38]} Ne5 {[%clk 00:34:47]} {[%emt
00:03:51]} 12. b3 {[%clk 00:47:54]} {[%emt 00:01:29]} a6 {[%clk 00:31:15]}
{[%emt 00:03:42]} 13. O-O {[%clk 00:46:27]} {[%emt 00:01:37]} Bc6 {[%clk
00:28:20]} {[%emt 00:03:05]} 14. Rfd1 {[%clk 00:44:41]} {[%emt 00:01:57]} Re8
{[%clk 00:26:37]} {[%emt 00:01:54]} 15. Nd5 {[%clk 00:41:31]} {[%emt 00:03:19]}
Ned7 {[%clk 00:22:16]} {[%emt 00:04:30]} 16. Bf2 {[%clk 00:34:32]} {[%emt
00:07:10]} Nc5 {[%clk 00:15:57]} {[%emt 00:06:29]} 17. b4 {[%clk 00:23:43]}
{[%emt 00:10:59]} Ncd7 {[%clk 00:14:12]} {[%emt 00:01:55]} 18. Nc3 {[%clk
00:19:36]} {[%emt 00:04:17]} Ne5 {[%clk 00:09:16]} {[%emt 00:05:06]} 19. h3
{[%clk 00:16:47]} {[%emt 00:02:58]} Bd7 {[%clk 00:08:30]} {[%emt 00:00:57]} 20.
Nd5 {[%clk 00:15:37]} {[%emt 00:01:20]} Nxd5 {[%clk 00:06:27]} {[%emt
00:02:13]} 21. cxd5 {[%clk 00:14:01]} {[%emt 00:01:45]} Ba4 {[%clk 00:03:28]}
{[%emt 00:03:10]} 22. Rxc8 {[%clk 00:13:42]} {[%emt 00:00:29]} Qxc8 {[%clk
00:03:37]} {[%emt 00:00:01]} 23. Rc1 {[%clk 00:13:50]} Qb8 {[%clk 00:03:03]}
{[%emt 00:00:43]} 24. Bd1 {[%clk 00:13:11]} {[%emt 00:00:51]} Bxd1 {[%clk
00:03:10]} {[%emt 00:00:03]} 25. Qxd1 {[%clk 00:11:52]} {[%emt 00:01:28]} Rc8
{[%clk 00:03:13]} {[%emt 00:00:07]} 26. Rc2 {[%clk 00:08:14]} {[%emt 00:03:49]}
Rxc2 {[%clk 00:00:42]} {[%emt 00:02:42]} 27. Qxc2 {[%clk 00:08:12]} {[%emt
00:00:11]} Qd8 {[%clk 00:00:51]} {[%emt 00:00:01]} 28. a4 {[%clk 00:07:22]}
{[%emt 00:01:01]} Nd7 {[%clk 00:00:45]} {[%emt 00:00:15]} 29. a5 {[%clk
00:07:13]} {[%emt 00:00:19]} h6 {[%clk 00:00:32]} {[%emt 00:00:23]} 30. Ne2
{[%clk 00:06:07]} {[%emt 00:01:15]} Kh7 {[%clk 00:00:35]} {[%emt 00:00:08]} 31.
Nc1 {[%clk 00:05:37]} {[%emt 00:00:40]} Ne5 {[%clk 00:00:23]} {[%emt 00:00:22]}
32. Bb6 {[%clk 00:05:33]} {[%emt 00:00:14]} Qb8 {[%clk 00:00:28]} {[%emt
00:00:05]} 33. Be3 {[%clk 00:04:06]} {[%emt 00:01:37]} Nd7 {[%clk 00:00:29]}
{[%emt 00:00:09]} 34. Nd3 {[%clk 00:03:35]} {[%emt 00:00:41]} Ne5 {[%clk
00:00:26]} {[%emt 00:00:13]} 35. Nxe5 {[%clk 00:03:22]} {[%emt 00:00:23]} Bxe5
{[%clk 00:00:35]} {[%emt 00:00:01]} 36. Qc4 {[%clk 00:03:31]} Qd8 {[%clk
00:00:26]} {[%emt 00:00:18]} 37. Kf2 {[%clk 00:03:32]} {[%emt 00:00:10]} Qd7
{[%clk 00:00:36]} 38. f4 {[%clk 00:03:30]} {[%emt 00:00:11]} Bg7 {[%clk
00:00:39]} {[%emt 00:00:06]} 39. Bd4 {[%clk 00:03:26]} {[%emt 00:00:14]} Bxd4+
{[%clk 00:00:27]} {[%emt 00:00:23]} 40. Qxd4 {[%clk 00:03:32]} {[%emt
00:00:04]} Qb5 {[%clk 00:00:36]} 41. Qc3 {[%clk 00:03:36]} {[%emt 00:00:06]}
Qd7 {[%clk 00:00:25]} {[%emt 00:00:22]} 42. g4 {[%clk 00:03:34]} {[%emt
00:00:11]} e6 {[%clk 00:00:23]} {[%emt 00:00:12]} 43. Qf6 {[%clk 00:02:57]}
{[%emt 00:00:46]} exd5 {[%clk 00:00:32]} {[%emt 00:00:02]} 44. exd5 {[%clk
00:03:05]} {[%emt 00:00:01]} Qc7 {[%clk 00:00:39]} {[%emt 00:00:03]} 45. Qd4
{[%clk 00:02:52]} {[%emt 00:00:23]} Qc2+ {[%clk 00:00:46]} {[%emt 00:00:04]} 46.
Kg3 {[%clk 00:01:08]} {[%emt 00:01:53]} Qe2 {[%clk 00:00:41]} {[%emt 00:00:14]}
47. g5 {[%clk 00:00:53]} {[%emt 00:00:27]} h5 {[%clk 00:00:32]} {[%emt
00:00:19]} 48. Qf2 {[%clk 00:00:39]} {[%emt 00:00:24]} Qd3+ {[%clk 00:00:39]}
{[%emt 00:00:03]} 49. Qf3 {[%clk 00:00:48]} Qd4 {[%clk 00:00:33]} {[%emt
00:00:10]} 50. Qb3 {[%clk 00:00:22]} {[%emt 00:00:42]} Qg1+ {[%clk 00:00:35]}
{[%emt 00:00:06]} 51. Kf3 {[%clk 00:00:31]} {[%emt 00:00:03]} Qf1+ {[%clk
00:00:40]} {[%emt 00:00:04]} 52. Ke4 {[%clk 00:00:23]} {[%emt 00:00:18]} Qe1+
{[%clk 00:00:30]} {[%emt 00:00:18]} 53. Kd4 {[%clk 00:00:18]} {[%emt 00:00:17]}
Qf2+ {[%clk 00:00:22]} {[%emt 00:00:18]} 54. Qe3 {[%clk 00:00:18]} {[%emt
00:00:10]} Qb2+ {[%clk 00:00:28]} {[%emt 00:00:04]} 55. Qc3 {[%clk 00:00:24]}
{[%emt 00:00:04]} Qf2+ {[%clk 00:00:23]} {[%emt 00:00:15]} 56. Ke4 {[%clk
00:00:24]} {[%emt 00:00:11]} Qe2+ {[%clk 00:00:26]} {[%emt 00:00:07]} 57. Qe3
{[%clk 00:00:28]} {[%emt 00:00:06]} Qc4+ {[%clk 00:00:26]} {[%emt 00:00:09]} 58.
Qd4 {[%clk 00:00:36]} {[%emt 00:00:02]} Qc2+ {[%clk 00:00:29]} {[%emt
00:00:07]} 59. Qd3 {[%clk 00:00:24]} {[%emt 00:00:23]} Qg2+ {[%clk 00:00:21]}
{[%emt 00:00:17]} 60. Kd4 {[%clk 00:00:22]} {[%emt 00:00:12]} Qf2+ {[%clk
00:00:22]} {[%emt 00:00:05]} 61. Kc4 {[%clk 00:00:23]} {[%emt 00:00:14]} Qxf4+
{[%clk 00:00:29]} {[%emt 00:00:03]} 62. Kb3 {[%clk 00:00:12]} {[%emt 00:00:21]}
Qxg5 {[%clk 00:00:35]} {[%emt 00:00:04]} 63. Ka4 {[%clk 00:00:18]} {[%emt
00:00:04]} Qg2 {[%clk 00:00:37]} {[%emt 00:00:07]} 64. Kb3 {[%clk 00:00:17]}
{[%emt 00:00:11]} Qf2 {[%clk 00:00:33]} {[%emt 00:00:14]} 65. Kc3 {[%clk
00:00:12]} {[%emt 00:00:16]} Qf6+ {[%clk 00:00:39]} {[%emt 00:00:03]} 66. Kb3
{[%clk 00:00:20]} {[%emt 00:00:02]} Qe5 {[%clk 00:00:41]} {[%emt 00:00:09]} 67.
Qf3 {[%clk 00:00:25]} {[%emt 00:00:05]} f5 {[%clk 00:00:39]} {[%emt 00:00:12]}
68. Qd3 {[%clk 00:00:24]} {[%emt 00:00:11]} f4 {[%clk 00:00:45]} {[%emt
00:00:03]} 69. Qc4 {[%clk 00:00:15]} {[%emt 00:00:18]} Qe3+ {[%clk 00:00:30]}
{[%emt 00:00:26]} 70. Ka4 {[%clk 00:00:18]} {[%emt 00:00:07]} Qf3 {[%clk
00:00:16]} {[%emt 00:00:24]} 71. Qc7+ {[%clk 00:00:23]} {[%emt 00:00:05]} Kh6
{[%clk 00:00:26]} 72. Qxd6 {[%clk 00:00:27]} {[%emt 00:00:06]} Qd1+ {[%clk
00:00:33]} {[%emt 00:00:03]} 73. Ka3 {[%clk 00:00:34]} {[%emt 00:00:03]} Qc1+
{[%clk 00:00:35]} {[%emt 00:00:08]} 74. Kb3 {[%clk 00:00:38]} {[%emt 00:00:05]}
Qe3+ {[%clk 00:00:27]} {[%emt 00:00:18]} 75. Ka4 {[%clk 00:00:43]} {[%emt
00:00:06]} Qe8+ {[%clk 00:00:19]} {[%emt 00:00:18]} 76. Kb3 {[%clk 00:00:45]}
{[%emt 00:00:04]} Qf7 {[%clk 00:00:13]} {[%emt 00:00:20]} 77. Qe5 {[%clk
00:00:29]} {[%emt 00:00:25]} f3 {[%clk 00:00:17]} {[%emt 00:00:06]} 78. Qe3+
{[%clk 00:00:32]} {[%emt 00:00:06]} g5 {[%emt 00:00:13]} 79. h4 {[%clk
00:00:19]} {[%emt 00:00:22]} Qxd5+ {[%clk 00:00:25]} {[%emt 00:00:02]} 80. Ka3
{[%clk 00:00:28]} {[%emt 00:00:01]} Qf5 {[%clk 00:00:22]} {[%emt 00:00:12]} 81.
Qb6+ {[%clk 00:00:29]} {[%emt 00:00:10]} Qg6 {[%clk 00:00:30]} {[%emt
00:00:01]} 82. hxg5+ {[%clk 00:00:35]} {[%emt 00:00:05]} Kxg5 {[%clk 00:00:38]}
{[%emt 00:00:02]} 83. Qe3+ {[%clk 00:00:43]} {[%emt 00:00:02]} Kg4 {[%clk
00:00:30]} {[%emt 00:00:18]} 84. Qg1+ {[%clk 00:00:51]} {[%emt 00:00:01]} Kf5
{[%clk 00:00:34]} {[%emt 00:00:05]} 85. Qc5+ {[%clk 00:00:58]} {[%emt
00:00:04]} Kf6 {[%clk 00:00:18]} {[%emt 00:00:26]} 86. Qc3+ {[%clk 00:00:54]}
{[%emt 00:00:14]} Ke6 {[%clk 00:00:15]} {[%emt 00:00:14]} 87. Qxf3 {[%clk
00:00:51]} {[%emt 00:00:13]} Qf7 {[%clk 00:00:24]} {[%emt 00:00:01]} 88. Qe4+
{[%clk 00:00:55]} {[%emt 00:00:06]} Kf6 {[%clk 00:00:25]} {[%emt 00:00:08]} 89.
Qf4+ {[%clk 00:00:58]} {[%emt 00:00:04]} Kg7 {[%clk 00:00:30]} {[%emt
00:00:07]} 90. Qg5+ {[%clk 00:00:59]} {[%emt 00:00:10]} Kh7 {[%clk 00:00:20]}
{[%emt 00:00:21]} 91. Qe3 {[%clk 00:00:48]} {[%emt 00:00:21]} Kg8 {[%clk
00:00:14]} {[%emt 00:00:17]} 92. Qg5+ {[%clk 00:00:35]} {[%emt 00:00:21]} Kh7
{[%clk 00:00:20]} {[%emt 00:00:05]} 93. Qe3 {[%clk 00:00:43]} {[%emt 00:00:02]}
Qd7 {[%clk 00:00:16]} {[%emt 00:00:13]} 94. Qe4+ {[%clk 00:00:47]} {[%emt
00:00:07]} Kh6 {[%clk 00:00:22]} {[%emt 00:00:04]} 95. Qf4+ {[%clk 00:00:55]}
{[%emt 00:00:02]} Kg6 {[%clk 00:00:29]} {[%emt 00:00:03]} 96. Qe4+ {[%clk
00:01:01]} {[%emt 00:00:02]} Kg5 {[%clk 00:00:34]} {[%emt 00:00:04]} 97. Qe3+
{[%clk 00:00:56]} {[%emt 00:00:18]} Kg4 {[%clk 00:00:39]} {[%emt 00:00:03]} 98.
Qe2+ {[%clk 00:00:46]} {[%emt 00:00:21]} Kh4 {[%clk 00:00:36]} {[%emt
00:00:11]} 99. Qf2+ {[%clk 00:00:49]} {[%emt 00:00:09]} Kg5 {[%clk 00:00:28]}
{[%emt 00:00:18]} 100. Qe3+ {[%clk 00:00:56]} {[%emt 00:00:04]} Kg6 {[%clk
00:00:16]} {[%emt 00:00:21]} 101. Qe4+ {[%clk 00:00:29]} {[%emt 00:00:37]} Kg5
{[%clk 00:00:15]} {[%emt 00:00:11]} 102. Qe3+ {[%clk 00:00:32]} {[%emt
00:00:07]} Kg4 {[%clk 00:00:15]} {[%emt 00:00:10]} 103. Qe2+ {[%clk 00:00:38]}
{[%emt 00:00:04]} Kf4 {[%clk 00:00:13]} {[%emt 00:00:14]} 104. Qf2+ {[%clk
00:00:41]} {[%emt 00:00:05]} Ke4 {[%clk 00:00:13]} {[%emt 00:00:10]} 105. Qe2+
{[%clk 00:00:50]} {[%emt 00:00:01]} Kf4 {[%clk 00:00:20]} {[%emt 00:00:04]} 106.
Qf2+ {[%clk 00:00:59]} {[%emt 00:00:01]} Kg5 {[%clk 00:00:14]} {[%emt
00:00:16]} 107. Qe3+ {[%clk 00:01:07]} {[%emt 00:00:01]} Kf6 {[%clk 00:00:14]}
{[%emt 00:00:11]} 108. Qh6+ {[%clk 00:01:08]} {[%emt 00:00:08]} Ke7 {[%clk
00:00:17]} {[%emt 00:00:07]} 109. Qg5+ {[%clk 00:01:11]} {[%emt 00:00:08]} Ke6
{[%clk 00:00:17]} {[%emt 00:00:09]} 110. Qg6+ {[%clk 00:01:17]} {[%emt
00:00:05]} Ke7 {[%clk 00:00:22]} {[%emt 00:00:04]} 111. Qg5+ {[%clk 00:01:18]}
{[%emt 00:00:10]} Kf8 {[%clk 00:00:22]} {[%emt 00:00:06]} 112. Qf6+ {[%clk
00:01:16]} {[%emt 00:00:14]} Qf7 {[%clk 00:00:20]} {[%emt 00:00:14]} 113. Qd6+
{[%clk 00:00:59]} {[%emt 00:00:25]} Kg7 {[%clk 00:00:19]} {[%emt 00:00:12]} 114.
Qe5+ {[%clk 00:00:57]} {[%emt 00:00:12]} Kg6 {[%clk 00:00:15]} {[%emt
00:00:14]} 115. Qg3+ {[%clk 00:00:45]} {[%emt 00:00:23]} Kf5 {[%clk 00:00:14]}
{[%emt 00:00:11]} 116. Qf3+ {[%clk 00:00:48]} {[%emt 00:00:06]} Ke6 {[%clk
00:00:20]} {[%emt 00:00:05]} 117. Qe4+ {[%clk 00:00:51]} {[%emt 00:00:07]} Kd6
{[%clk 00:00:18]} {[%emt 00:00:10]} 118. Qd4+ {[%clk 00:00:55]} {[%emt
00:00:08]} Qd5 {[%clk 00:00:18]} {[%emt 00:00:11]} 119. Qf6+ {[%clk 00:00:56]}
{[%emt 00:00:07]} Kd7 {[%clk 00:00:18]} {[%emt 00:00:10]} 120. Qg7+ {[%clk
00:01:00]} {[%emt 00:00:06]} Kc6 {[%clk 00:00:15]} {[%emt 00:00:10]} 121. Qf6+
{[%clk 00:01:02]} {[%emt 00:00:11]} Kc7 {[%clk 00:00:17]} {[%emt 00:00:08]} 122.
Qe7+ {[%clk 00:00:45]} {[%emt 00:00:26]} Kc6 {[%clk 00:00:15]} {[%emt
00:00:13]} 123. Qe8+ {[%clk 00:00:49]} {[%emt 00:00:06]} Kc7 {[%emt 00:00:13]}
124. Qe7+ {[%clk 00:00:52]} {[%emt 00:00:05]} Kc6 {[%clk 00:00:23]} {[%emt
00:00:02]} 125. Qe8+ {[%clk 00:00:58]} {[%emt 00:00:04]} Kd6 {[%clk 00:00:31]}
{[%emt 00:00:01]} 126. Qd8+ {[%clk 00:00:59]} {[%emt 00:00:07]} Ke5 {[%clk
00:00:40]} {[%emt 00:00:04]} 127. Qg5+ {[%clk 00:01:04]} {[%emt 00:00:04]} Kd4
{[%clk 00:00:47]} {[%emt 00:00:03]} 128. Qd2+ {[%clk 00:01:09]} {[%emt
00:00:05]} Ke4 {[%clk 00:00:52]} {[%emt 00:00:05]} 129. Qg2+ {[%clk 00:01:16]}
{[%emt 00:00:03]} Kd4 {[%clk 00:00:46]} {[%emt 00:00:17]} 130. Qd2+ {[%clk
00:01:24]} {[%emt 00:00:02]} Kc4 {[%clk 00:00:42]} {[%emt 00:00:13]} 131. Qa2+
{[%clk 00:01:30]} {[%emt 00:00:05]} Kd4 {[%clk 00:00:49]} {[%emt 00:00:02]} 132.
Qd2+ {[%clk 00:01:38]} {[%emt 00:00:02]} Ke5 {[%clk 00:00:56]} {[%emt
00:00:03]} 133. Qg5+ {[%clk 00:01:46]} {[%emt 00:00:02]} Ke6 {[%clk 00:00:56]}
{[%emt 00:00:10]} 134. Qg8+ {[%clk 00:01:54]} {[%emt 00:00:03]} Kd6 {[%clk
00:00:52]} {[%emt 00:00:13]} 135. Qd8+ {[%clk 00:02:01]} {[%emt 00:00:03]} Kc6
{[%clk 00:01:02]} {[%emt 00:00:01]} 136. Qc8+ {[%clk 00:02:00]} {[%emt
00:00:11]} Kd6 {[%clk 00:00:51]} {[%emt 00:00:21]} 137. Qd8+ {[%clk 00:02:08]}
{[%emt 00:00:02]} Ke6 {[%clk 00:00:47]} {[%emt 00:00:14]} 0-1

[Event "English Schools Championship Final 2024"]
[Site "Nottingham University Kings Meadow Campus, United Kingdom"]
[Date "2024.06.28"]
[Round "4.16"]
[White "Yu, Daniel"]
[Black "Sui, Yueyue"]
[Result "1-0"]
[TimeControl "G50' + 10\" per move."]
[WhiteFideId "472077"]
[BlackFideId "343411924"]
[WhiteElo "2017"]
[BlackElo "1786"]

1. c4 {[%emt 00:54:19]} Nf6 {[%clk 00:50:08]} {[%emt 00:00:08]} 2. Nc3 {[%clk
00:50:23]} {[%emt 00:00:05]} e6 {[%clk 00:50:12]} {[%emt 00:00:06]} 3. g3
{[%clk 00:50:29]} {[%emt 00:00:04]} d5 {[%clk 00:50:18]} {[%emt 00:00:03]} 4.
d4 {[%clk 00:50:32]} {[%emt 00:00:07]} dxc4 {[%clk 00:50:03]} {[%emt 00:00:25]}
5. Bg2 {[%clk 00:50:38]} {[%emt 00:00:04]} c5 {[%clk 00:49:27]} {[%emt
00:00:46]} 6. Nf3 {[%clk 00:46:25]} {[%emt 00:04:23]} Nc6 {[%clk 00:49:25]}
{[%emt 00:00:13]} 7. Be3 {[%clk 00:45:20]} {[%emt 00:01:14]} cxd4 {[%clk
00:46:43]} {[%emt 00:02:52]} 8. Nxd4 {[%clk 00:44:54]} {[%emt 00:00:36]} Nxd4
{[%clk 00:45:57]} {[%emt 00:00:57]} 9. Bxd4 {[%clk 00:44:49]} {[%emt 00:00:15]}
Be7 {[%clk 00:45:27]} {[%emt 00:00:39]} 10. Qa4+ {[%clk 00:44:08]} {[%emt
00:00:51]} Bd7 {[%clk 00:44:03]} {[%emt 00:01:34]} 11. Qxc4 {[%clk 00:44:11]}
{[%emt 00:00:08]} Rc8 {[%clk 00:42:55]} {[%emt 00:01:17]} 12. Qb3 {[%clk
00:42:35]} {[%emt 00:01:46]} b6 {[%clk 00:41:54]} {[%emt 00:01:11]} 13. Rd1
{[%clk 00:41:43]} {[%emt 00:01:02]} O-O {[%clk 00:41:32]} {[%emt 00:00:33]} 14.
O-O {[%clk 00:41:10]} {[%emt 00:00:42]} Qe8 {[%clk 00:40:53]} {[%emt 00:00:49]}
15. e4 {[%clk 00:39:49]} {[%emt 00:01:31]} Bc6 {[%clk 00:38:33]} {[%emt
00:02:30]} 16. a4 {[%clk 00:37:24]} {[%emt 00:02:35]} Nd7 {[%clk 00:36:01]}
{[%emt 00:02:42]} 17. Qa2 {[%clk 00:31:18]} {[%emt 00:06:16]} Bc5 {[%clk
00:35:23]} {[%emt 00:00:49]} 18. a5 {[%clk 00:30:08]} {[%emt 00:01:20]} e5
{[%clk 00:32:15]} {[%emt 00:03:17]} 19. Bxc5 {[%clk 00:29:04]} {[%emt
00:01:14]} Nxc5 {[%clk 00:30:59]} {[%emt 00:01:25]} 20. b4 {[%clk 00:26:46]}
{[%emt 00:02:29]} Ne6 {[%clk 00:29:26]} {[%emt 00:01:43]} 21. axb6 {[%clk
00:25:41]} {[%emt 00:01:14]} axb6 {[%clk 00:28:57]} {[%emt 00:00:39]} 22. Nd5
{[%clk 00:25:38]} {[%emt 00:00:13]} b5 {[%clk 00:27:06]} {[%emt 00:02:02]} 23.
Qa7 {[%clk 00:23:03]} {[%emt 00:02:44]} Bxd5 {[%clk 00:26:17]} {[%emt
00:01:00]} 24. exd5 {[%clk 00:20:53]} {[%emt 00:02:19]} Nd4 {[%clk 00:25:34]}
{[%emt 00:00:53]} 25. Rfe1 {[%clk 00:16:47]} {[%emt 00:04:16]} Nc2 {[%clk
00:24:28]} {[%emt 00:01:17]} 26. Re4 {[%clk 00:16:33]} {[%emt 00:00:24]} f6
{[%clk 00:23:58]} {[%emt 00:00:40]} 27. d6 {[%clk 00:15:46]} {[%emt 00:00:58]}
Qd8 {[%clk 00:21:29]} {[%emt 00:02:38]} 28. Rg4 {[%clk 00:13:45]} {[%emt
00:02:10]} Rf7 {[%clk 00:20:56]} {[%emt 00:00:44]} 29. Bd5 {[%clk 00:13:42]}
{[%emt 00:00:12]} Qf8 {[%clk 00:19:57]} {[%emt 00:01:11]} 30. Rc1 {[%clk
00:10:55]} {[%emt 00:02:57]} g6 {[%clk 00:18:36]} {[%emt 00:01:30]} 31. d7
{[%clk 00:10:40]} {[%emt 00:00:25]} 1-0

[Event "English Schools Championship Final 2024"]
[Site "Nottingham University Kings Meadow Campus, United Kingdom"]
[Date "2024.06.28"]
[Round "4.17"]
[White "Yi, Louis"]
[Black "Zheng, Jerry Z"]
[Result "0-1"]
[TimeControl "G50' + 10\" per move."]
[WhiteFideId "343418627"]
[BlackFideId "460990"]
[WhiteElo "1728"]
[BlackElo "1904"]

1. e4 {[%clk 00:49:59]} {[%emt 00:00:20]} e6 {[%clk 00:50:15]} {[%emt
00:00:06]} 2. Qe2 {[%clk 00:50:00]} {[%emt 00:00:09]} e5 {[%clk 00:47:48]}
{[%emt 00:02:38]} 3. Nf3 {[%clk 00:49:28]} {[%emt 00:00:40]} Nc6 {[%clk
00:47:50]} {[%emt 00:00:08]} 4. g3 {[%clk 00:48:44]} {[%emt 00:00:54]} Nf6
{[%clk 00:47:04]} {[%emt 00:00:57]} 5. d3 {[%clk 00:48:09]} {[%emt 00:00:44]}
Bc5 {[%clk 00:45:44]} {[%emt 00:01:31]} 6. Bg2 {[%clk 00:47:03]} {[%emt
00:01:16]} d6 {[%clk 00:44:44]} {[%emt 00:01:11]} 7. c3 {[%clk 00:45:52]}
{[%emt 00:01:21]} Bg4 {[%clk 00:41:56]} {[%emt 00:02:57]} 8. h3 {[%clk
00:45:05]} {[%emt 00:00:57]} Be6 {[%clk 00:38:53]} {[%emt 00:03:12]} 9. Be3
{[%clk 00:42:53]} {[%emt 00:02:22]} Bb6 {[%clk 00:27:55]} {[%emt 00:11:09]} 10.
O-O {[%clk 00:39:21]} {[%emt 00:03:42]} O-O {[%clk 00:23:52]} {[%emt 00:04:13]}
11. Ng5 {[%clk 00:36:29]} {[%emt 00:03:00]} Bd7 {[%clk 00:20:19]} {[%emt
00:03:45]} 12. Nd2 {[%clk 00:29:54]} {[%emt 00:06:45]} h6 {[%clk 00:17:59]}
{[%emt 00:02:31]} 13. Ngf3 {[%clk 00:29:13]} {[%emt 00:00:49]} Bxe3 {[%clk
00:14:41]} {[%emt 00:03:29]} 14. Qxe3 {[%clk 00:27:39]} {[%emt 00:01:43]} Re8
{[%clk 00:14:07]} {[%emt 00:00:45]} 15. Nh4 {[%clk 00:24:13]} {[%emt 00:03:35]}
Qc8 {[%clk 00:05:59]} {[%emt 00:08:19]} 16. g4 {[%clk 00:17:35]} {[%emt
00:06:46]} Ne7 {[%clk 00:04:05]} {[%emt 00:02:06]} 17. f4 {[%clk 00:15:03]}
{[%emt 00:02:42]} Ng6 {[%clk 00:03:15]} {[%emt 00:01:00]} 18. Nxg6 {[%clk
00:14:16]} {[%emt 00:00:57]} fxg6 {[%emt 00:00:03]} 19. fxe5 {[%clk 00:11:21]}
{[%emt 00:03:02]} Rxe5 {[%clk 00:03:28]} {[%emt 00:00:07]} 20. d4 {[%clk
00:07:53]} {[%emt 00:03:37]} Re7 {[%clk 00:02:15]} {[%emt 00:01:24]} 21. e5
{[%clk 00:05:05]} {[%emt 00:02:57]} dxe5 {[%clk 00:02:09]} {[%emt 00:00:17]} 22.
dxe5 {[%clk 00:04:58]} {[%emt 00:00:17]} c6 {[%clk 00:02:10]} {[%emt 00:00:10]}
23. Qd3 {[%clk 00:03:47]} {[%emt 00:01:19]} Rxe5 {[%clk 00:01:55]} {[%emt
00:00:26]} 24. Rxf6 {[%clk 00:02:49]} {[%emt 00:01:08]} Qe8 {[%clk 00:00:15]}
{[%emt 00:01:50]} 25. Rxg6 {[%clk 00:01:24]} {[%emt 00:01:35]} Re3 {[%clk
00:00:15]} {[%emt 00:00:10]} 26. Qd4 {[%clk 00:00:24]} {[%emt 00:01:10]} Qxg6
{[%clk 00:00:14]} {[%emt 00:00:11]} 27. Qxe3 {[%clk 00:00:29]} {[%emt
00:00:05]} Re8 {[%clk 00:00:16]} {[%emt 00:00:08]} 28. Qd4 {[%clk 00:00:27]}
{[%emt 00:00:12]} Qe6 {[%clk 00:00:13]} {[%emt 00:00:14]} 29. Qc4 {[%clk
00:00:14]} {[%emt 00:00:23]} Qxc4 {[%clk 00:00:13]} {[%emt 00:00:09]} 30. Nxc4
{[%clk 00:00:22]} {[%emt 00:00:01]} Re2 {[%clk 00:00:19]} {[%emt 00:00:04]} 31.
Rd1 {[%clk 00:00:18]} {[%emt 00:00:15]} Be6 {[%clk 00:00:22]} {[%emt 00:00:08]}
0-1